| 000 | 00477cam a2200181ua 4500 | ||
|---|---|---|---|
| 001 | 5982 | ||
| 008 | 131029n ii |||gr||||Z||||||eng | ||
| 020 | _a0-14-010781-9 | ||
| 040 | _cMAIN | ||
| 082 | _a954.035 | ||
| 245 |
_aIndias Struggle For Independence : _b1857-1947 / _cBy Bipan Chandra . |
||
| 260 |
_aNew Delhi: _bPenguin. |
||
| 300 | _ax,573p. | ||
| 653 | _aHistory | ||
| 653 | _aIndia`s Struggle For Independence | ||
| 700 |
_aChandra,Bipan, _eAuthor. |
||
| 942 | _cBK | ||
| 999 |
_c5136 _d5136 |
||